Financial Structure and Economic Growth (Record no. 4491)

MARC details
000 -LEADER
fixed length control field 00400nam a2200157Ia 4500
008 - FIXED-LENGTH DATA ELEMENTS--GENERAL INFORMATION
fixed length control field 230312s9999||||xx |||||||||||||| ||und||
020 ## - INTERNATIONAL STANDARD BOOK NUMBER
International Standard Book Number 81-297-0596-6
082 ## - DEWEY DECIMAL CLASSIFICATION NUMBER
Classification number 332.1
Item number FIN
100 ## - MAIN ENTRY--PERSONAL NAME
Personal name Kunt Asli Demirguc
245 #0 - TITLE STATEMENT
Title Financial Structure and Economic Growth
260 ## - PUBLICATION, DISTRIBUTION, ETC.
Name of publisher, distributor, etc. Pearson Education
Place of publication, distribution, etc. USA
Date of publication, distribution, etc. 2001
300 ## - PHYSICAL DESCRIPTION
Extent 436
546 ## - LANGUAGE NOTE
Language note Eng.
650 ## - SUBJECT ADDED ENTRY--TOPICAL TERM
Topical term or geographic name entry element Economics
Form subdivision Introduction,
942 ## - ADDED ENTRY ELEMENTS (KOHA)
Koha item type BOOK

No items available.

Powered by Koha